Flag Carrier/Largest Airlines of 50 Countries - Statistics

General Stats
  • This quiz has been taken 26 times
  • The average score is 19 of 30
Answer Stats
Country Answer % Correct
Canada Air Canada
96%
Japan Japan Airlines
96%
China Air China
92%
Spain Iberia
88%
Mexico Aeromexico
85%
India Air India
85%
Finland Finnair
81%
Chile LATAM
81%
Qatar Qatar Airways
81%
Colombia Avianca
69%
Egypt Egyptair
69%
Argentina Aerolineas Argentinas
65%
North Korea Air Koryo
65%
Indonesia Garuda Indonesia
65%
Saudi Arabia SAUDIA
65%
South Africa South African Airways
65%
Panama COPA Airlines
58%
Poland LOT Polish Airlines
58%
Taiwan China Airlines
54%
Nepal Nepal Airlines
54%
Rwanda Rwandair
54%
Solomon Islands Solomon Airlines
50%
Kazahkstan Air Astana
42%
Belarus Belavia
42%
Bangladesh BIMAN Bangladesh Airlines
42%
Angola TAAG Angola Airlines
42%
Portugal TAP Air Portugal
42%
Venezuela Conviasa
38%
Bhutan Drukair
38%
Lebanon Middle Eastern Airlines
19%
No matching quizzes found
Score Distribution
Percent of People with Each Score
Percentile by Number Answered
Your Score History
You have not taken this quiz